000 00412nam a2200121Ia 4500
008 220620s9999||||xx |||||||||||||| ||und||
100 _aHahnel, Robin
245 4 _aThe ABCs of Political Economy
_bA Modern Approach
546 _aEnglish[eng]
650 _aPolitical Science||Public Policy||Economic Policy
856 _uhttps://library.oapen.org/bitstream/20.500.12657/44107/1/external_content.epub
942 _cEB
999 _c22661
_d22661